Flagi państw Ameryki Północnej i Południowej - Statystyki

Ogólne statystyki
  • Ten quiz został rozwiązany 42 442 razy
  • Średni wynik to 23 z 35
Statystyki odpowiedzi
Obrazkowy Odpowiedź % Poprawnych
Kanada
100%
Stany Zjednoczone
100%
Brazylia
99%
Meksyk
99%
Argentyna
96%
Jamajka
95%
Kolumbia
93%
Urugwaj
91%
Wenezuela
89%
Chile
87%
Ekwador
85%
Kuba
79%
Panama
78%
Peru
75%
Dominikana
70%
Kostaryka
68%
Barbados
67%
Honduras
65%
Paragwaj
63%
Haiti
56%
Gwatemala
53%
Boliwia
52%
Nikaragua
52%
Saint Lucia
50%
Salwador
50%
Bahamy
49%
Dominika
49%
Trynidad i Tobago
49%
Belize
47%
Surinam
45%
Antigua i Barbuda
44%
Gujana
41%
Grenada
36%
Saint Vincent i Grenadyny
36%
Saint Kitts i Nevis
35%
Nie znaleziono quizów pasujących do podanych kryteriów
Rozkład punktacji
Procent ludzi z każdym wynikiem
Percentyl według liczby udzielonych odpowiedzi
Twoja historia wyników
Nie rozwiązałeś tego quizu